-
USMAN, DR. MD. RAGEEB AND, SHIRSAT Dr .MRUNAL K. , DWIVEDI , Dr. JAYESH AND SHAIKH Dr. MOHAMME ZUBER
Entry Personal Name
Number of records used in: 1
001 - CONTROL NUMBER
003 - CONTROL NUMBER IDENTIFIER
005 - DATE AND TIME OF LATEST TRANSACTION
- control field:
20240108095058.0
008 - FIXED-LENGTH DATA ELEMENTS
- fixed length control field:
240108|| aca||aabn | a|a d
040 ## - CATALOGING SOURCE
- Original cataloging agency:
JRU
- Transcribing agency:
JRU
100 ## - HEADING--PERSONAL NAME
- Personal name:
USMAN, DR. MD. RAGEEB AND, SHIRSAT Dr .MRUNAL K. , DWIVEDI , Dr. JAYESH AND SHAIKH Dr. MOHAMME ZUBER
670 ## - SOURCE DATA FOUND
- Source citation:
Work cat.: (JRU)7876: USMAN, DR. MD. RAGEEB AND, SHIRSAT Dr .MRUNAL K. , DWIVEDI , Dr. JAYESH AND SHAIKH Dr. MOHAMME ZUBER, A PRACTICAL BOOK OF HUMAN ANATOMY AND PHYSIOLOGY-II [SEM-II]